000 00591nam a22002057a 4500
005 20251108170752.0
008 250721s2001 xx 000 0 ara d
082 1 4 _a6587.8/اخر
100 1 _aالأخرس، عاطف
_eمؤلف
245 1 0 _aمحاسبة النشات /
264 1 _aعمان :
_bدار البركة للنشر والتوزيع،
_c2001.
300 _a158ص.
650 1 7 _aالمحاسبة
650 1 7 _aالسياحة
650 1 7 _aالفنادق
650 1 7 _aالمطاعم
700 1 _aحمودة، سمير
_eمؤلف
942 _2ddc
_cBK
999 _c48531
_d48531